Normal view MARC view

Entry Personal Name

Number of records used in: 1

001 - CONTROL NUMBER

  • control field: 9474

003 - CONTROL NUMBER IDENTIFIER

  • control field: DLC

005 - DATE AND TIME OF LATEST TRANSACTION

  • control field: 20230915123445.0

008 - FIXED-LENGTH DATA ELEMENTS

  • fixed length control field: 960730n| azannaabn |a aaa

010 ## - LIBRARY OF CONGRESS CONTROL NUMBER

  • LC control number: n 96802066

035 ## - SYSTEM CONTROL NUMBER

  • System control number: (OCoLC)oca04130675

040 ## - CATALOGING SOURCE

  • Original cataloging agency: DNLM
  • Language of cataloging: eng
  • Description conventions: rda
  • Transcribing agency: DLC
  • Modifying agency: DNLM

046 ## - SPECIAL CODED DATES

  • Birth date: 1950-01-09
  • Death date: 2012-07-29
  • Source of date scheme: edtf

100 1# - HEADING--PERSONAL NAME

  • Personal name: Tank, Patrick W.,
  • Dates associated with a name: 1950-2012

400 1# - SEE FROM TRACING--PERSONAL NAME

  • Control subfield: nne
  • Personal name: Tank, Patrick W.,
  • Dates associated with a name: 1950-

670 ## - SOURCE DATA FOUND

  • Source citation: Review questions for human anatomy, 1996:
  • Information found: CIP t.p. (Patrick W. Tank, PhD.: prof. of anatomy, Univ. of Arkansas for Medical Sciences) data sheet (b. Jan. 9, 1950)

670 ## - SOURCE DATA FOUND

  • Source citation: Grant's dissector, 2017:
  • Information found: ECIP t.p. (In memoriam: Patrick W. Tank, PhD (1950--2012))

670 ## - SOURCE DATA FOUND

  • Source citation: UAMS Neurobiology & Developmental Sciences website, Oct. 21, 2015
  • Information found: In memoriam: Patrick W. Tank, Ph.D. (d. July 29, 2012)

Powered by Koha